000 00567nam a2200193Ia 4500
005 20250923145121.0
008 008 250917s9999 xx 000 0 eng d
037 _aTextual
040 _aDSWL
_beng
_cDSWL
041 _aeng
_2eng
084 _aYX;5:8, N62
_qDSWL
245 0 _aReport on the organization and administration of social services
_cby United Nations
260 _aNew York
_b Social Affairs
_c1962
300 _av,75 p.
365 _aUSD
_b0.55
925 _g0.55
942 _cTEXL
_hYX;5:8, N62
999 _c1447328
_d1447328